|
|
|
|
| LEADER |
00000nab a2200000 a 4500 |
| 001 |
vtls000879498 |
| 003 |
SK-MaSNL |
| 005 |
20260304114119.0 |
| 008 |
250429c2004 xo 0 slo |
| 015 |
|
|
|a SNBRB2004/07-21873
|
| 035 |
|
|
|a CLN000231039
|
| 035 |
|
|
|a urn:nbn:sk:snk-ab77h7
|
| 035 |
|
|
|a (uuid)e484d7b6-7b27-4068-8b48-79c8c074234f
|
| 035 |
|
|
|a (urnnbn)urn:nbn:sk:snk:ar-a073ko
|
| 035 |
|
|
|a (sysno)vtls000879498
|
| 040 |
|
|
|a SNKBUCL
|b slo
|c SNKBUCL
|e AACR2
|
| 041 |
0 |
|
|a slo
|
| 044 |
|
|
|a xo
|c SK
|
| 080 |
|
|
|a 37(4)(083.6)
|2 1997
|
| 100 |
1 |
|
|a Ondrušková, Nataša,
|d 1954-
|4 aut
|9 198254
|
| 245 |
1 |
0 |
|a EURÓPA V ŠKOLE - 51. ročník medzinárodného projektu - vyhodnotenie
|c Nataša Ondrušková
|
| 610 |
|
7 |
|a Európa v škole (projekt)
|x roč. 51.
|2 snkbucl
|9 1418426
|
| 655 |
|
7 |
|a články z novín a časopisov
|2 snkbucl
|9 267496
|
| 773 |
0 |
|
|t Pedagogické spektrum
|g Roč. XIII, č. 5/6 (2004), s. 75-82
|z 13355589
|
| 850 |
|
|
|a Slovenská národná knižnica
|
| 852 |
|
|
|a Slovenská národná knižnica
|
| 954 |
|
|
|a odborná, vedecká literatúra pôvodná (slovenská)
|2 lita
|
| 958 |
|
|
|a article27
|
| 958 |
|
|
|a OND
|
| 958 |
|
|
|a EUIPO
|
| 999 |
|
|
|c 2871852
|d 2873782
|